000 01183cam a2200289 i 4500
001 13976928
003 EG-ScBUE
005 20250518093351.0
008 050520s2009 enka f b 001 0 eng d
020 _a9780521138390 (paperback)
040 _aEG-ScBUE
_beng
_erda
_cEG-ScBUE
_dEG-ScBUE
082 0 4 _a532
_222
_bTAV
100 1 _aTavoularis, Stavros,
_eauthor.
_911212
245 1 0 _aMeasurement in fluid mechanics /
_cStavros Tavoularis, University of Ottawa.
264 1 _aCambridge :
_bCambridge University Press,
_c2009.
300 _axiii, 354 pages :
_billustrations ;
_c27 cm
336 _2rdacontent
_atext
_btxt
337 _aunmediated
_2rdamedia
_bn
338 _avolume
_bnc
_2rdacarrier
504 _aIncludes bibliographical references and index.
650 7 _aFluid mechanics
_xMeasurement.
_911213
_2BUEsh
655 _vReading book
856 4 1 _3Table of contents only
_uhttp://www.loc.gov/catdir/toc/ecip0513/2005014865.html
856 4 2 _3Publisher description
_uhttp://www.loc.gov/catdir/enhancements/fy0632/2005014865-d.html
856 4 2 _3Contributor biographical information
_uhttp://www.loc.gov/catdir/enhancements/fy0732/2005014865-b.html
942 _2ddc
_cBB
999 _c13348
_d13348